|
|
|
|
| LEADER |
00000nab a2200000 a 4500 |
| 001 |
vtls000350557 |
| 003 |
SK-MaSNL |
| 005 |
20260303043012.0 |
| 008 |
160201c1988 xo 0 cze |
| 015 |
|
|
|a SNBRA19rr/mm-uuuuu
|
| 035 |
|
|
|a CL0350679
|
| 040 |
|
|
|a SNKBUCL
|b slo
|c SNKBUCL
|e AACR2
|
| 041 |
0 |
|
|a cze
|
| 044 |
|
|
|a xo
|c SK
|
| 080 |
|
|
|a 621.7.023:621.924.024
|2 1981
|
| 080 |
|
|
|a 621.924.024
|2 1981
|
| 100 |
1 |
|
|a Havrda, Miroslav
|4 aut
|9 627732
|
| 245 |
1 |
0 |
|a Optimalizace pneumatického tryskání
|c Miroslav Havrda, Vladimír Marek, František Vrbata
|
| 300 |
|
|
|b Obr. 1. Graf 1., lit. 2 zázn. v češ.
|
| 650 |
0 |
7 |
|a úpravy materiálov povrchové
|2 snkbucl
|9 968550
|
| 650 |
0 |
7 |
|a tryskanie pneumatické
|2 snkbucl
|9 989404
|
| 655 |
|
7 |
|a články zo zborníkov
|2 snkbucl
|9 166140
|
| 700 |
1 |
|
|a Marek, Vladimír
|4 aut
|9 575091
|
| 700 |
1 |
|
|a Vrbata, František
|4 aut
|9 1029826
|
| 773 |
0 |
|
|t Šiesta konferencia o predúprave materiálov
|d Bratislava : Dom techniky ČSVTS, 1988
|g S. 13-14
|
| 850 |
|
|
|a Slovenská národná knižnica v Martine
|a MTA001
|
| 852 |
|
|
|a SNK
|b KIS3GCP
|
| 958 |
|
|
|a RK
|
| 958 |
|
|
|a CZ
|
| 992 |
|
|
|a RZB
|
| 999 |
|
|
|c 1694997
|d 1696927
|